STN 34 7470-10 HD 22.10 S1: 1999, [neplatná] Káble a vodiče s gumovou izoláciou na menovité napätia do 450/750 V vrátane Časť 10 Ohybné káble s izoláciou na báze EPR a polyuretánovým plášťom

Bibliographic Details
Format: Book
Language:Slovak
PhysicalDescription:20 s.
Published: Bratislava Slovenský ústav technickej normalizácie 1999
Subjects:

MARC

LEADER 00000nam a2200000 a 4500
001 vtls001410894
003 SK-MaSNL
005 20260301072016.0
008 180126s1999 xo k 0 slo
035 |a SNK000365592 
040 |a SNK  |b slo  |c SNK  |e AACR2 
044 |a xo  |c SK 
046 |a m  |m 199910 (účin. )  |n 200812 
072 7 |a 621.3  |x Elektrotechnika  |2 konspekt 
080 |a 621.315.2  |2 2001 
245 1 |a STN 34 7470-10 HD 22.10 S1: 1999, [neplatná] Káble a vodiče s gumovou izoláciou na menovité napätia do 450/750 V vrátane  |n Časť 10  |p Ohybné káble s izoláciou na báze EPR a polyuretánovým plášťom 
260 |a Bratislava  |b Slovenský ústav technickej normalizácie  |c 1999 
300 |a 20 s. 
500 |a Norma bola nahradená normou STN 34 7470-10 z marca 2008 v celom rozsahu 
650 0 7 |a káble  |2 SNKPH  |9 49702 
650 0 7 |a Cables  |2 SNKPHeng  |9 278716 
774 1 8 |t STN 34 7470-10: 2008  |d Bratislava : Slovenský ústav technickej normalizácie, 2008  |w vtls009471029 
852 |a Štátna vedecká knižnica v Banskej Bystrici 
999 |c 639739  |d 641669 
952 |t P60, <03>, [BOOK], {603}  |a SNK  |b SNK  |y PREZ  |7 0  |p 17A0295008  |o snkSTN 34 7470-10 HD 22.10 S1  |i snkN 545/2001  |0 0  |1 0  |4 0  |d 2001-04-04  |l 0  |r 2005-01-02 00:00:00  |w 2026-02-23 
952 |t P60, <04>, [BOOK], {604}  |a SNK  |b SNK  |y VYP  |7 0  |p 17A0295009  |o snkSTN 34 7470-10 HD 22.10 S1 D1  |i snkN 546/2001  |0 0  |1 0  |4 0  |d 2001-04-04  |l 0  |r 2005-01-02 00:00:00  |w 2026-02-23